01570 a2200157 4500020002700000020003000027082001200057100002100069245005300090260002800143300002100171490002300192520111800215830001001333856006901343 a0471250791 (paperback) a9780471250791 (paperback)04a658.4021 aBergeron, Bryan.10aEssentials of shared services /cBryan Bergeron. a[S.l.] :bWiley,c2002. a272 p. ;c23 cm.1 aEssentials series. aLearn what shared services is–and is not Implementation issues of shared services Management challenges of shared services Technical aspects of shared services, including enabling information technologies Best practices of shared services, including how to evaluate implementations Full of valuable tips, techniques, illustrative real-world examples, exhibits, and best practices, this handy and concise paperback will help you stay up to date on the newest thinking, strategies, developments, and technologies in shared services. "Shared Services is a business model with which every CEO should be familiar. In today’s complex business environment, even if you’re not using shared services, you’re likely to be serving or being serviced by a company using this model. Bryan Bergeron’s book provides a solid, easily absorbed, and practical overview of shared services. It belongs on every CEO’s bookshelf." –Aaron Kleiner Cofounder, MIT Enterprise Forum CFO, Kurzweil Techn aEssen 3Amazon.comuhttp://www.amazon.com/exec/obidos/ASIN/0471250791/ch